书目信息 |
| 题名: |
乐学、会学,健康发展
|
|
| 作者: | 孙汉银 著 | |
| 分册: | ||
| 出版信息: | 北京 北京师范大学出版社 1997 |
|
| 页数: | 237页 | |
| 开本: | 20cm | |
| 丛书名: | ||
| 单 册: | ||
| 中图分类: | G629.21 | |
| 科图分类: | ||
| 主题词: | 教育改革--经验--小学--北京 , 教育改革 | |
| 电子资源: | ||
| ISBN: | 7-303-04504-X | |
| 000 | 00615nam0 2200217 450 | |
| 001 | 1537236239 | |
| 005 | 20150203102052.89 | |
| 010 | @a7-303-04504-X@dCNY9.50 | |
| 100 | @a19980217d1997 em y0chiy0110 ea | |
| 101 | 0 | @achi |
| 102 | @aCN@b110000 | |
| 105 | @ay z 000yy | |
| 200 | 1 | @a乐学、会学,健康发展@9le xue 、 hui xue , jian kang fa zhan@f孙汉银著 |
| 210 | @a北京@c北京师范大学出版社@d1997 | |
| 215 | @a237页@d20cm | |
| 606 | 0 | @a教育改革@x经验@x小学@y北京 |
| 606 | 0 | @a教育改革 |
| 690 | @aG629.21@v5 | |
| 701 | 0 | @a孙汉银@9sun han yin@4著 |
| 801 | 0 | @aCN@bTSSF@c20150203 |
| 905 | @aZUCC@dG629.21@eJY3 | |
| 乐学、会学,健康发展/孙汉银著.-北京:北京师范大学出版社,1997 |
| 237页;20cm |
| ISBN 7-303-04504-X:CNY9.50 |
| ● |
| 相关链接 |
|
|
|
|
正题名:乐学、会学,健康发展
索取号:G629.21/JY3
 
预约/预借
| 序号 | 登录号 | 条形码 | 馆藏地/架位号 | 状态 | 备注 |
| 1 | 7865372 | 278653725 | 学院路分馆/ [索取号:G629.21/JY3] | 在馆 |